000 00737cam a2200229 a 4500
001 14653376
005 20180227072446.0
008 061201s2008 nyuab b 001 0 eng
010 _a 2006100160
020 _a9780195189766 (pbk.)
040 _aDLC
_cDLC
_dDLC
041 _aeng
080 _a301 LAV
082 0 0 _a301 LAV
_222
100 1 _a23
101 _aANT
245 1 0 _aAnthropology :
_cRobert H. Lavenda, Emily A. Schultz.
504 _aIncludes bibliographical references (p. 503-521) and index.
906 _a7
_bcbc
_corignew
_d1
_eecip
_f20
_gy-gencatlg
942 _2ddc
_cBK
999 _c43602
_d43602